<?xml version="1.0" encoding="UTF-8"?><?xml-stylesheet type="text/xsl" href="static/style.xsl"?><OAI-PMH xmlns="http://www.openarchives.org/OAI/2.0/" xmlns:xsi="http://www.w3.org/2001/XMLSchema-instance" xsi:schemaLocation="http://www.openarchives.org/OAI/2.0/ http://www.openarchives.org/OAI/2.0/OAI-PMH.xsd"><responseDate>2026-06-02T21:45:43Z</responseDate><request verb="GetRecord" identifier="oai:riuma.uma.es:10630/45437" metadataPrefix="marc">https://riuma.uma.es/rest/oai/request</request><GetRecord><record><header><identifier>oai:riuma.uma.es:10630/45437</identifier><datestamp>2026-02-14T00:46:58Z</datestamp><setSpec>com_10630_2254</setSpec><setSpec>col_10630_37953</setSpec></header><metadata><record xmlns="http://www.loc.gov/MARC21/slim" xmlns:dcterms="http://purl.org/dc/terms/" xmlns:doc="http://www.lyncode.com/xoai" xmlns:xsi="http://www.w3.org/2001/XMLSchema-instance" xsi:schemaLocation="http://www.loc.gov/MARC21/slim http://www.loc.gov/standards/marcxml/schema/MARC21slim.xsd">
   <leader>00925njm 22002777a 4500</leader>
   <datafield ind2=" " ind1=" " tag="042">
      <subfield code="a">dc</subfield>
   </datafield>
   <datafield ind2=" " ind1=" " tag="720">
      <subfield code="a">Calderón-Roca, María Belén</subfield>
      <subfield code="e">author</subfield>
   </datafield>
   <datafield ind2=" " ind1=" " tag="260">
      <subfield code="c">2012-12-20</subfield>
   </datafield>
   <datafield ind2=" " ind1=" " tag="520">
      <subfield code="a">Leopoldo Torres Balbás fue un importante artífice en el origen de una doctrina española sobre restauración arquitectónica. Del ámbito italiano y en concreto, de Gustavo Giovannoni, Torres Balbás heredó una particular forma de valorar la historia que le llevó a desarrollar un método sincrético para el estudio de la arquitectura, basado en el respeto de las singularidades de cada período y estilo que formaban parte de la fábrica histórica. En España, fue pionero en considerar el entorno de los monumentos como elemento digno de conservación, acometiendo intervenciones que perseguían la preservación del “carácter” del monumento, a la vez que su permanencia física en el tiempo.</subfield>
   </datafield>
   <datafield ind1="8" ind2=" " tag="024">
      <subfield code="a">Calderón Roca, B. (2012). La herencia de Gustavo Giovannoni: estudio del "conservacionismo sincrético" de Leopoldo Torres Balbás a través de su faceta como historiador de la arquitectura. UCOARTE. Revista De Teoría E Historia Del Arte, 1, 53–71. https://doi.org/10.21071/ucoarte.v1i.9648</subfield>
   </datafield>
   <datafield ind1="8" ind2=" " tag="024">
      <subfield code="a">https://hdl.handle.net/10630/45437</subfield>
   </datafield>
   <datafield ind1="8" ind2=" " tag="024">
      <subfield code="a">10.21071/ucoarte.v1i.9648</subfield>
   </datafield>
   <datafield tag="653" ind2=" " ind1=" ">
      <subfield code="a">Torres Balbás, Leopoldo. 1888-1960</subfield>
   </datafield>
   <datafield tag="653" ind2=" " ind1=" ">
      <subfield code="a">Arquitectura - Historia</subfield>
   </datafield>
   <datafield ind2="0" ind1="0" tag="245">
      <subfield code="a">La herencia de Gustavo Giovannoni: estudio del “conservacionismo sincrético” de Leopoldo Torres Balbás a través de su faceta como historiador de la Arquitectura</subfield>
   </datafield>
</record>
</metadata></record></GetRecord></OAI-PMH>